| 000 | 00699nam a2200205 a 4500 | ||
|---|---|---|---|
| 003 | MX-MxUPN | ||
| 005 | 20240802112442.0 | ||
| 008 | 991125s1912 mx r 000 0 spa d | ||
| 035 | _aUPN01000032154 | ||
| 040 |
_aMX-MxUPN _bspa _cMX-MxUPN |
||
| 041 | 0 | _aspa | |
| 050 | 1 | 4 |
_aPZ8.2 _bI558 |
| 245 | 0 | 0 |
_aIntroducción a la lengua inglesa : _bcolección escogida de cuentos, fábulas hechos y dichos notables, etc. / _cEl traductor Inglés |
| 260 |
_aMéxico : _bLibrería de la Vda. de Ch. Bouret, _c1912 |
||
| 300 | _a227 páginas | ||
| 500 | _aIncluye: Diccionario de voces contenidas en el libro. | ||
| 650 | 4 |
_aLibros y lectura para niños _92290 |
|
| 904 |
_aAC _b032155 |
||
| 942 |
_2lcc _cLIBRO |
||
| 999 |
_c32154 _d32154 |
||